000 00945nam a22002897a 4500
003 CHAP
005 20220329141233.0
008 971010s1986 r 00010 d
010 _a64911
011 _a65883
035 _a73411
040 _cCHAP
082 _a674
_bA5
100 0 0 _aAnaya, H.
_95513
245 _aAprovechamiento forestal
_b: análisis de apeo y transporte
260 _aSan José, C.R. :
_bInstituto Interamericano de Cooperación para la Agricultura,
_c1986
300 _a246 p.
_b: ilus. ; gráfs.
590 _aBATCH-UPD
_b10
_c20130110
_lUCH01
_h0313
590 _aBATCH-UPD
_b10
_c20130110
_lUCH01
_h1943
590 _aCONVERSION
_b10
_c20130109
_lUCH01
_h1335
650 1 4 _aMadera
_xTransporte.
_969633
700 0 _aChristiansen, Per.
_922919
901 _aBK
942 _cLIBRO
949 _a634.95 A5
_bDCF
_cLIBRO
_d-6214
_eLIBRO
_h3752
_i73411
_si
949 _a674 A5
_bBC
_cLIBRO
_d33724000765442
_eLIBRO
_h73157
_i73411
_si
999 _c64911
_d64911